Základné rozdiely medzi dvoma typmi svetového manažmentu. 1

Základné rozdiely medzi americkým, resp. západoeurópskym a japonským manažmentom. Definovanie podstatných rozdielov v ekonomike a riadení na Slovensku a vo vyspelých krajinách sveta. Plánovanie a rozhodovanie v riadení, organizovanie, personalistika, vedenie, kontrola, väzby v manažmente.

Guardado en:
Detalles Bibliográficos
Autor principal: Jemala, Ľubomír
Formato: Capítulo de libro
Lenguaje:eslovaco
Materias:
Etiquetas: Agregar Etiqueta
Sin Etiquetas, Sea el primero en etiquetar este registro!

MARC

LEADER 00000naa a2200000 4500
001 r024558
005 20221213101232.8
041 0 |a slo 
044 |a SK 
245 1 0 |a Základné rozdiely medzi dvoma typmi svetového manažmentu. 1  |c Ľ. Jemala 
520 |a Základné rozdiely medzi americkým, resp. západoeurópskym a japonským manažmentom. Definovanie podstatných rozdielov v ekonomike a riadení na Slovensku a vo vyspelých krajinách sveta. Plánovanie a rozhodovanie v riadení, organizovanie, personalistika, vedenie, kontrola, väzby v manažmente. 
610 2 0 |a manažment 
610 2 0 |a USA 
610 2 0 |a Japonsko 
610 2 0 |a západná Európa 
610 2 0 |a plánovanie 
610 2 0 |a organizácia riadenia 
610 2 0 |a personalistika 
610 2 0 |a vedenie 
610 2 0 |a kontrola 
610 2 0 |a rozhodovanie 
610 2 0 |a väzba spätná 
610 2 0 |a Slovensko 
100 1 |a Jemala, Ľubomír